[Event "Lansing (MOR/4/22)"]
[Site "?"]
[Date "1997.??.??"]
[Round "?"]
[White "Hollinsworth, Galon"]
[Black "Stark, Jat"]
[Result "0-1"]
[WhiteElo "1605"]
[BlackElo "1605"]
[PlyCount "96"]
[EventDate "1997.??.??"]

{4/(22)} 1. e4 c5 2. Nf3 d6 3. d4 cxd4 4. Nxd4 Nf6 5. Nc3 a6 6. f3 e6 7. Be3
Qc7 8. Bd3 Nc6 9. Qd2 Ne5 10. O-O-O Be7 11. g4 b5 12. h4 Nc4 13. Bxc4 Qxc4 14.
b3 Qc7 15. Kb2 Bb7 16. Qd3 Nd7 17. Bg5 Nc5 18. Qe3 f6 19. b4 e5 20. Nf5 Ne6 21.
Nd5 Bxd5 22. exd5 Nd4 23. Nxd4 exd4 24. Qxd4 fxg5 25. Qxg7 O-O-O 26. Rd3 Bf8
27. Qxg5 Bg7+ 28. c3 Rde8 29. Qd2 Qc4 30. Re3 Qxb4+ 31. Kc2 Qc4 32. Kd1 Rxe3
33. Qxe3 Qxd5+ 34. Kc2 Qxa2+ 35. Kd3 Qb3 36. Rc1 Qd5+ 37. Kc2 Qa2+ 38. Kd3 Qd5+
39. Kc2 Qe5 40. Qd2 Re8 41. Kb3 Qe6+ 42. Ka3 Qc4 43. h5 Qa4+ 44. Kb2 Qc4 45.
Rc2 b4 46. Kb1 bxc3 47. h6 Qb3+ 48. Kc1 Bxh6 0-1

[Event "Lansing (MOR/5/29)"]
[Site "?"]
[Date "1997.??.??"]
[Round "?"]
[White "Hollinsworth, Galon"]
[Black "Robinson, Erik"]
[Result "1/2-1/2"]
[WhiteElo "1605"]
[BlackElo "1605"]
[PlyCount "146"]
[EventDate "1997.??.??"]

{5/(29)} 1. e4 e6 2. d4 c5 3. Nf3 Be7 4. Bd3 cxd4 5. Nxd4 Qb6 6. Nf3 Nc6 7. O-O
Bf6 8. c3 Ne5 9. Nxe5 Bxe5 10. Nd2 Qc7 11. Nf3 Bf6 12. Re1 d6 13. Bf4 e5 14.
Be3 Ne7 15. h3 O-O 16. Bg5 Bxg5 17. Nxg5 h6 18. Nf3 Re8 19. Nh4 Ng6 20. Nxg6
fxg6 21. Re3 Be6 22. Rg3 Kh7 23. Bb5 Rf8 24. Be2 Qb6 25. Re3 Rxf2 26. Kxf2 Rf8+
27. Bf3 Qxb2+ 28. Kg1 Qb6 29. Qe2 Rc8 30. Kh2 Bc4 31. Qd2 Rc5 32. Ree1 a5 33.
Be2 Be6 34. a4 d5 35. Rab1 Qc7 36. exd5 e4+ 37. Kg1 Bxd5 38. Rb5 Qg3 39. Rxc5
e3 40. Qxd5 Qxe1+ 41. Kh2 Qxe2 42. Qf3 Qd2 43. Re5 Qxc3 44. Rxe3 Qc7+ 45. Qg3
Qc4 46. Qg4 Qb4 47. Rg3 Qd6 48. h4 h5 49. Qe4 Qf6 50. Rg5 Qd6+ 51. Qe5 Qb4 52.
Kh3 Qxa4 53. Qxa5 Qb3+ 54. Rg3 Qd1 55. Kh2 Qd6 56. Qa3 Qf4 57. Qe7 b5 58. Qg5
Qe4 59. Qd8 Qe5 60. Qd3 Qf6 61. Rg5 Kh6 62. Qxb5 Qd6+ 63. Qe5 Qd8 64. Kh3 Qd7+
65. Kg3 Qd3+ 66. Kf4 Qf1+ 67. Kg3 Qd3+ 68. Kh2 Qd8 69. Qf4 Kh7 70. Re5 Qg8 71.
Kg1 Qd8 72. Kf2 Qb6+ 73. Qe3 Qf6+ 1/2-1/2

[Event "Lansing (MOR/7/31)"]
[Site "?"]
[Date "1997.??.??"]
[Round "?"]
[White "Hollinsworth, Galon"]
[Black "Meyer, A."]
[Result "1-0"]
[WhiteElo "1605"]
[BlackElo "1605"]
[PlyCount "51"]
[EventDate "1997.??.??"]

{7/(31)} 1. e4 d5 2. exd5 Nf6 3. d4 Nxd5 4. c4 Nb6 5. Nf3 Bg4 6. Be2 e6 7. a3
c6 8. b4 Bxf3 9. gxf3 Qh4 10. Qd3 Be7 11. f4 N8d7 12. Qg3 O-O-O 13. Qxh4 Bxh4
14. Be3 f5 15. Nd2 Nf6 16. h3 Na4 17. O-O-O Nc3 18. Rde1 Nxe2+ 19. Rxe2 b6 20.
Nf3 Bxf2 21. Rxf2 Ne4 22. Rg2 g6 23. Ng5 Nd6 24. c5 Nc4 25. Bf2 Rd7 26. h4 1-0

[Event "Tecumseh (RVO/1/6)"]
[Site "?"]
[Date "1997.??.??"]
[Round "?"]
[White "Hollinsworth, Galon"]
[Black "Hartwig, Thomas"]
[Result "0-1"]
[WhiteElo "1605"]
[BlackElo "1945"]
[PlyCount "90"]
[EventDate "1997.??.??"]

{1/(6)} 1. e4 c5 2. Nf3 d6 3. d4 cxd4 4. Nxd4 Nf6 5. Nc3 g6 6. Bc4 Bg7 7. O-O
O-O 8. Re1 Nc6 9. Bb3 Qb6 10. h3 Qxd4 11. Bd2 Bd7 12. Nb5 Qb6 13. a4 Rfc8 14.
Be3 Qd8 15. Rb1 a6 16. Na3 Na5 17. Ba2 Bxa4 18. b4 Nc6 19. Nc4 Ne5 20. Bb6 Qe8
21. Nxe5 dxe5 22. Rb2 Qc6 23. Bc5 e6 24. Qe2 Nd7 25. Be7 Bb5 26. Qd1 Nb6 27.
Bb3 Ba4 28. Bc5 Bxb3 29. cxb3 Rd8 30. Qe2 Bf8 31. Rc2 Bxc5 32. Rec1 Qb5 33.
Qxb5 axb5 34. Rxc5 Rac8 35. Ra1 Rxc5 36. bxc5 Nd7 37. b4 Rc8 38. Ra5 b6 39. Ra7
bxc5 40. Rxd7 cxb4 41. Rd3 Rc2 42. Rd8+ Kg7 43. Rb8 Rc5 44. Rd8 b3 45. Rd3 b2
0-1

[Event "Lansing (MOR/2/23)"]
[Site "?"]
[Date "1997.??.??"]
[Round "?"]
[White "Hollinsworth, Galon"]
[Black "Griffin, John"]
[Result "0-1"]
[WhiteElo "1605"]
[BlackElo "1605"]
[PlyCount "96"]
[EventDate "1997.??.??"]

{2/(23)} 1. e4 c5 2. Nf3 Nc6 3. d4 cxd4 4. Nxd4 Nf6 5. Nc3 e5 6. Ndb5 d6 7. a4
a6 8. Na3 Be7 9. Bc4 O-O 10. O-O Be6 11. Re1 Qc7 12. h3 Rad8 13. Nd5 Qc8 14.
Bd2 Rfe8 15. b4 Bxd5 16. Bxd5 Nxd5 17. exd5 Nb8 18. c4 f5 19. Rc1 Nd7 20. a5 b6
21. Qa4 Qb7 22. Qc6 Rb8 23. Rb1 Rec8 24. Qxb7 Rxb7 25. g3 bxa5 26. bxa5 Rcb8
27. Kg2 Nc5 28. Bc3 Bd8 29. f4 e4 30. Rxb7 Rxb7 31. Nc2 Kf7 32. Nd4 g6 33. Nc6
Bf6 34. Bb4 Nd3 35. Rb1 Nxb4 36. Rxb4 Rxb4 37. Nxb4 Bc3 38. Nxa6 Bxa5 39. c5
dxc5 40. Nxc5 Bb4 41. Na6 Bd6 42. Kf2 Ke7 43. Ke3 Kd7 44. g4 Kc8 45. h4 Kb7 46.
h5 Kxa6 47. Kd4 Kb5 48. Ke3 Kc5 0-1

[Event "Tecumseh (RVO/3/10)"]
[Site "?"]
[Date "1997.??.??"]
[Round "?"]
[White "Hollinsworth, Galon"]
[Black "Foord, Allan"]
[Result "1-0"]
[WhiteElo "1605"]
[BlackElo "1605"]
[PlyCount "39"]
[EventDate "1997.??.??"]

{3/(10)} 1. e4 c5 2. Nf3 d6 3. d4 cxd4 4. Nxd4 Nf6 5. Nc3 a6 6. h3 e6 7. Bg5
Be7 8. Qd3 Nc6 9. O-O-O Qc7 10. f4 h6 11. Bxf6 gxf6 12. Qc4 Bd7 13. Be2 b5 14.
Qd3 Rc8 15. Qg3 Bd8 16. f5 b4 17. fxe6 fxe6 18. Qg6+ Ke7 19. Nf5+ exf5 20. Nd5+
1-0

[Event "Lansing (MOR/2/50)"]
[Site "?"]
[Date "1997.??.??"]
[Round "?"]
[White "Hill, R."]
[Black "Hosking, R."]
[Result "0-1"]
[WhiteElo "1605"]
[BlackElo "1605"]
[PlyCount "120"]
[EventDate "1997.??.??"]

{2/(50)} 1. e4 c5 2. Nf3 Nc6 3. Bb5 g6 4. Bxc6 bxc6 5. O-O Bg7 6. d3 Rb8 7. Bf4
Rxb2 8. Qc1 Rb6 9. Qa3 Bxa1 10. Qxa7 Rb7 11. Qxc5 Qb6 12. Be3 Qxc5 13. Bxc5 d6
14. Bd4 Bxd4 15. Nxd4 c5 16. Nc6 Bd7 17. Na5 Ra7 18. Nb3 Rxa2 19. Rc1 Nf6 20.
h3 O-O 21. f4 Nh5 22. g4 Nxf4 23. d4 Ne2+ 24. Kf1 Nxc1 25. Nxc1 Rxc2 26. Ne2
cxd4 27. Na3 Rxe2 28. Kxe2 Ra8 29. Nc2 Ra2 30. Kd2 Ba4 31. Kd3 Bxc2+ 32. Kxd4
Ra4+ 33. Kc3 Bxe4 34. Kb3 Ra8 35. Kc4 Bg2 36. h4 Rc8+ 37. Kd4 Rc5 38. h5 gxh5
39. gxh5 Kg7 40. Ke3 Rf5 41. Kd4 Kf6 42. Kc4 Ke6 43. h6 Bf1+ 44. Kd4 Rf4+ 45.
Ke3 Ke5 46. Kd2 Kd4 47. Kc1 Bh3 48. Kc2 Ke4 49. Kd2 Rf3 50. Kc2 Kd4 51. Kd2
Rf2+ 52. Kc1 Ke3 53. Kd1 Re2 54. Kc1 Kd3 55. Kd1 Bg4 56. Kc1 Rd2 57. Kb1 Rc2
58. Ka1 Kc3 59. Kb1 Kb3 60. Ka1 Rc1# 0-1

[Event "Lansing (MOR/4/50)"]
[Site "?"]
[Date "1997.??.??"]
[Round "?"]
[White "Hill, R."]
[Black "Choate, Eric"]
[Result "0-1"]
[WhiteElo "1605"]
[BlackElo "1605"]
[PlyCount "78"]
[EventDate "1997.??.??"]

{4/(50)} 1. e4 e5 2. Nf3 d6 3. Bc4 Nf6 4. O-O Be7 5. Ng5 O-O 6. Bxf7+ Rxf7 7.
Nxf7 Kxf7 8. d3 Kg8 9. Nc3 Nc6 10. Nd5 Be6 11. Nxe7+ Qxe7 12. Bg5 Qf7 13. Qd2
d5 14. Rae1 d4 15. f4 exf4 16. Bxf4 Rc8 17. c3 Bg4 18. h3 Bh5 19. e5 Nd5 20. e6
Qe7 21. Qf2 dxc3 22. bxc3 Nxc3 23. Be5 Nd5 24. Qg3 Nd8 25. Rf2 Nxe6 26. Ref1
Rf8 27. Rf3 Bxf3 28. gxf3 Ne3 29. Re1 Nf5 30. Qg2 Nh4 31. Qb2 Nxf3+ 32. Kf2
Nxe1+ 33. Kxe1 Qh4+ 34. Kd2 Rf2+ 35. Kc1 Rxb2 36. Bxb2 Qf2 37. d4 Nf4 38. d5
Nd3+ 39. Kb1 Qxb2# 0-1

[Event "Kalamazoo (MI Am/4/6)"]
[Site "?"]
[Date "1997.??.??"]
[Round "?"]
[White "Hill, Brad"]
[Black "Williams, Ron"]
[Result "1-0"]
[WhiteElo "1700"]
[BlackElo "1915"]
[PlyCount "63"]
[EventDate "1997.??.??"]

{4/(6)} 1. e4 c5 2. f4 Nc6 3. Nf3 g6 4. Bc4 Bg7 5. O-O e6 6. Qe1 a6 7. c3 b5 8.
Bb3 c4 9. Bc2 Nge7 10. d4 cxd3 11. Bxd3 d5 12. e5 Bb7 13. Be3 Rc8 14. Na3 Na5
15. b3 Nac6 16. Nc2 O-O 17. Nfd4 Nxd4 18. Nxd4 Nc6 19. Rf3 Nxd4 20. Bxd4 f6 21.
exf6 Bxf6 22. Qxe6+ Kg7 23. Re1 Bxd4+ 24. cxd4 Rf7 25. f5 Qf8 26. Qe5+ Rf6 27.
fxg6 hxg6 28. Rg3 Qf7 29. Rxg6+ Qxg6 30. Bxg6 Kxg6 31. h4 Rh8 32. Re3 1-0

[Event "Kalamazoo (MI Am/3/4)"]
[Site "?"]
[Date "1997.??.??"]
[Round "?"]
[White "Hill, Brad"]
[Black "Semerciyan, Mike"]
[Result "1/2-1/2"]
[WhiteElo "1700"]
[BlackElo "1900"]
[PlyCount "191"]
[EventDate "1997.??.??"]

{3/(4)} 1. d4 Nf6 2. Bg5 c5 3. Bxf6 exf6 4. d5 Qb6 5. Qc1 Bd6 6. Nf3 O-O 7. e3
Na6 8. c4 Be5 9. Nxe5 fxe5 10. e4 Qg6 11. Nc3 d6 12. f3 f5 13. Qd2 Nc7 14. Bd3
f4 15. O-O-O Bd7 16. Rdg1 Qf6 17. Kc2 a6 18. a4 Rab8 19. Qe2 Kh8 20. g3 g6 21.
g4 Ne8 22. h4 Ng7 23. Qg2 Qd8 24. b3 h6 25. h5 g5 26. Ra1 b6 27. Rhb1 Qc7 28.
b4 cxb4 29. Rxb4 Rb7 30. Rab1 Rfb8 31. Kd2 Bc8 32. Qg1 Ne8 33. Na2 Nf6 34. Be2
Nd7 35. Nc3 Nc5 36. Qd1 Bd7 37. Qc2 Kg7 38. Qa2 Kf6 39. Qc2 Ke7 40. R4b2 Kd8
41. Ra1 Kc8 42. Ra3 Kd8 43. Ra1 Ke7 44. Qd1 Qd8 45. Rab1 Qe8 46. Ra1 Qc8 47.
Qc2 Be8 48. Rab1 Nd7 49. Qd3 Qc5 50. Bd1 Qa5 51. Rb4 Nc5 52. Qe2 Kd8 53. Bc2
Kc7 54. R1b2 Rc8 55. Qd1 Kb8 56. Bb1 Ka7 57. Ba2 Nd7 58. Ke2 Rbc7 59. Qc2 Qc5
60. Qd3 Qg1 61. Kd2 Rc5 62. Ne2 Qf2 63. Rb1 Ra5 64. Qc3 Rb8 65. Bb3 Nc5 66. Ra1
Bd7 67. Rg1 Rf8 68. Bd1 Nxe4+ 69. fxe4 f3 70. Qe3 fxe2 71. Bxe2 Qxe3+ 72. Kxe3
Bxa4 73. Rgb1 b5 74. cxb5 Bxb5 75. Bxb5 Rxb5 76. Rxb5 axb5 77. Rxb5 Rf4 78.
Ra5+ Kb6 79. Ra8 Rxg4 80. Rh8 Rh4 81. Rxh6 Kc5 82. Kf3 Rf4+ 83. Ke3 g4 84. Rg6
Rf3+ 85. Ke2 Rh3 86. h6 Kd4 87. Rxg4 Rxh6 88. Kf3 Rh3+ 89. Kf2 Ra3 90. Rh4 Re3
91. Rh6 Rxe4 92. Rxd6 Kc5 93. Rd8 Rd4 94. Ke3 Rxd5 95. Rxd5+ Kxd5 96. Kd3
1/2-1/2

[Event "Lansing (MOR/3/2)"]
[Site "?"]
[Date "1997.??.??"]
[Round "?"]
[White "Hill, Brad"]
[Black "Mahabir, Jagdesh"]
[Result "1-0"]
[WhiteElo "1765"]
[BlackElo "1605"]
[PlyCount "95"]
[EventDate "1997.??.??"]

{3/(2)} 1. d4 d5 2. c4 e6 3. Nc3 Nf6 4. cxd5 exd5 5. Nf3 Nc6 6. Bg5 Be7 7. e3
O-O 8. Bd3 Bg4 9. h3 Bh5 10. O-O a6 11. a3 Bg6 12. Bxg6 fxg6 13. b4 b5 14. Rc1
Qd7 15. Qc2 Na7 16. Ne5 Qe6 17. Ne2 Bd6 18. Nf4 Qe8 19. Nfd3 Nd7 20. Nxd7 Qxd7
21. Nc5 Bxc5 22. dxc5 c6 23. Bf4 Qf5 24. Qb3 Rae8 25. Rfd1 Rf7 26. Rd4 Re4 27.
Qd3 Rxd4 28. Qxd4 Qf6 29. Rd1 Nc8 30. g4 g5 31. Bg3 Re7 32. a4 Qxd4 33. exd4
Re2 34. axb5 axb5 35. Ra1 Ne7 36. Ra7 Kf7 37. Bd6 Kf6 38. Rc7 Re6 39. Bxe7+
Rxe7 40. Rxc6+ Kf7 41. Rd6 Ra7 42. Rxd5 Ra4 43. c6 Ra8 44. Rxb5 Ke7 45. Rb7+
Kd6 46. b5 Rd8 47. c7 Rc8 48. b6 1-0

[Event "Kalamazoo (MI Am/1/19)"]
[Site "?"]
[Date "1997.??.??"]
[Round "?"]
[White "Hill, Brad"]
[Black "Kotman, Matthew"]
[Result "1-0"]
[WhiteElo "1700"]
[BlackElo "1605"]
[PlyCount "53"]
[EventDate "1997.??.??"]

{1/(19)} 1. d4 d5 2. c4 c6 3. Nc3 Nf6 4. cxd5 cxd5 5. Bg5 Nbd7 6. e3 e6 7. Bd3
Be7 8. Nge2 O-O 9. O-O Ne8 10. Bxe7 Qxe7 11. a3 Ndf6 12. b4 Bd7 13. Qb3 Nd6 14.
Rfc1 Rfc8 15. a4 Nfe4 16. Rc2 Nxc3 17. Nxc3 e5 18. Qxd5 Bc6 19. Qxe5 Qxe5 20.
dxe5 Ne8 21. Rac1 Rd8 22. Be4 Bxe4 23. Nxe4 Rd5 24. f4 Rd3 25. Rc8 Rxc8 26.
Rxc8 Kf8 27. Nd6 1-0

[Event "Tecumseh (RVO/3/2)"]
[Site "?"]
[Date "1997.??.??"]
[Round "?"]
[White "Hill, Brad"]
[Black "Kamberi, Sonny"]
[Result "0-1"]
[WhiteElo "1815"]
[BlackElo "2340"]
[PlyCount "52"]
[EventDate "1997.??.??"]

{3/(2)} 1. d4 Nf6 2. Bg5 Ne4 3. Bf4 c5 4. f3 Qa5+ 5. c3 Nf6 6. d5 Qb6 7. b3 e6
8. dxe6 Qxe6 9. c4 d5 10. Nc3 d4 11. Nb5 Na6 12. g3 Be7 13. Bh3 Qb6 14. Bxc8
Rxc8 15. Nh3 O-O 16. O-O Nb4 17. Nf2 Rfd8 18. Nd3 Nfd5 19. Nxa7 Qxa7 20. cxd5
Nxd5 21. a4 Bf6 22. Qd2 Qb6 23. a5 Qe6 24. b4 cxb4 25. Rab1 b3 26. Bg5 Rc2 0-1

[Event "Lansing (MOR/1a/3)"]
[Site "?"]
[Date "1997.??.??"]
[Round "?"]
[White "Hill, Brad"]
[Black "Crysler, Jerry"]
[Result "1-0"]
[WhiteElo "1765"]
[BlackElo "1605"]
[PlyCount "63"]
[EventDate "1997.??.??"]

1. d4 d5 2. c4 c6 3. Nc3 e6 4. Nf3 dxc4 5. a4 Bb4 6. e4 Bxc3+ 7. bxc3 b5 8. Ba3
Ne7 9. g3 O-O 10. Bg2 Re8 11. O-O Bb7 12. Nd2 a6 13. Qc2 Nd7 14. Rfb1 Nb6 15.
a5 Na4 16. Nxc4 Rc8 17. Nd6 Qc7 18. Nxb7 Qxb7 19. Qxa4 Qc7 20. Qd1 Ng6 21. e5
Qxa5 22. Bc5 Qd8 23. Rxa6 Ne7 24. Bxe7 Rxe7 25. Bxc6 Rec7 26. Qf3 Qg5 27. Rxb5
Qc1+ 28. Kg2 Qc2 29. Ra8 Rf8 30. Rxf8+ Kxf8 31. Rb8+ Ke7 32. Re8# {1-0. source:
Original Scoresheet.} 1-0

[Event "Tecumseh (RVO/1/11)"]
[Site "?"]
[Date "1997.??.??"]
[Round "?"]
[White "Hill, Brad"]
[Black "Bhagwat, Samuel"]
[Result "1-0"]
[WhiteElo "1815"]
[BlackElo "1605"]
[PlyCount "89"]
[EventDate "1997.??.??"]

{1/(11)} 1. e4 e5 2. Nf3 Nf6 3. Nxe5 d6 4. Nf3 Nxe4 5. d4 d5 6. c4 Nf6 7. Nc3
Nc6 8. Bg5 Be6 9. cxd5 Bxd5 10. Bxf6 gxf6 11. Qe2+ Be7 12. Nxd5 Qxd5 13. Qe3
O-O-O 14. a3 Nxd4 15. Nxd4 Qxd4 16. Qxd4 Rxd4 17. Be2 Re4 18. f3 Re5 19. Rd1
Rg8 20. g3 Bc5 21. f4 Re4 22. Kf1 f5 23. Rd5 Rge8 24. Bb5 Re1+ 25. Kg2 Rxh1 26.
Bxe8 Rg1+ 27. Kh3 Bd6 28. Bxf7 Rb1 29. Rd2 Kd7 30. a4 Ke7 31. Bg8 h6 32. Re2+
Kf6 33. Ba2 Ra1 34. Re6+ Kg7 35. Bb3 Rb1 36. Re2 b6 37. Kh4 Rd1 38. Bxd1 a5 39.
Kh5 Bf8 40. Re6 Bd6 41. Bc2 Bf8 42. Bxf5 Kg8 43. Kg6 Kh8 44. Re8 Kg8 45. Be6+
1-0

[Event "Lansing (MOR/5/1)"]
[Site "?"]
[Date "1997.??.??"]
[Round "?"]
[White "Hill, Brad"]
[Black "Barta, Roger"]
[Result "1-0"]
[WhiteElo "1765"]
[BlackElo "1705"]
[PlyCount "45"]
[EventDate "1997.??.??"]

{5/(1)} 1. e4 e6 2. d4 d5 3. Nc3 Bb4 4. e5 c5 5. Be3 Nc6 6. Qg4 Nge7 7. Bb5 Bd7
8. Bxc6 Bxc6 9. Nge2 Nf5 10. O-O Bxc3 11. bxc3 h5 12. Qf3 Bb5 13. Rfb1 Nh4 14.
Qg3 Bxe2 15. Qxg7 Ng6 16. Rxb7 Rf8 17. Bh6 Ba6 18. Rxf7 Rxf7 19. Qxg6 Qe7 20.
Qg8+ Rf8 21. Bxf8 Qxf8 22. Qxe6+ Qe7 23. Qc6+ 1-0

[Event "Lansing (MOR/2/6)"]
[Site "?"]
[Date "1997.??.??"]
[Round "?"]
[White "Herron, J."]
[Black "Venia, Mike"]
[Result "1/2-1/2"]
[WhiteElo "1740"]
[BlackElo "1605"]
[PlyCount "64"]
[EventDate "1997.??.??"]

{2/(6)} 1. Nf3 Nf6 2. g3 d5 3. Bg2 Bf5 4. O-O e6 5. d4 Nc6 6. Nc3 Nb4 7. a3 Na6
8. b4 Ne4 9. Nxe4 Bxe4 10. Ne5 Bxg2 11. Kxg2 Be7 12. Qd3 O-O 13. h4 f6 14. Nc6
bxc6 15. Qxa6 Qd7 16. Rb1 e5 17. dxe5 fxe5 18. Bb2 d4 19. Rbd1 Kh8 20. c3 Qd5+
21. f3 c5 22. Qa5 Qc4 23. Rd3 e4 24. fxe4 Rxf1 25. Kxf1 Rf8+ 26. Ke1 Qb3 27.
cxd4 Qxb2 28. bxc5 Qc1+ 29. Rd1 Qe3 30. Rd3 Qc1+ 31. Rd1 Qe3 32. Rd3 Qc1+
1/2-1/2

[Event "Lansing (MOR/4/11)"]
[Site "?"]
[Date "1997.??.??"]
[Round "?"]
[White "Herron, J."]
[Black "Parker, Harvard"]
[Result "1-0"]
[WhiteElo "1740"]
[BlackElo "1605"]
[PlyCount "87"]
[EventDate "1997.??.??"]

{4/(11)} 1. Nf3 Nf6 2. g3 d5 3. Bg2 c5 4. O-O g6 5. d3 Bg7 6. Nbd2 O-O 7. e4
Nc6 8. Qe2 e6 9. c3 Re8 10. Ne1 e5 11. Nb3 Qd6 12. Bg5 d4 13. cxd4 cxd4 14. f4
Be6 15. fxe5 Qxe5 16. Nf3 Qb5 17. Bxf6 Bxf6 18. Nc1 Rac8 19. a3 Rc7 20. Qd2
Rec8 21. Ne2 Bg7 22. Rac1 Qb6 23. Kh1 h6 24. Nf4 Bb3 25. Nd5 Bxd5 26. exd5 Ne7
27. Rxc7 Qxc7 28. Qf2 Nf5 29. Bh3 Qc2 30. Bxf5 Qxf2 31. Rxf2 Rc1+ 32. Kg2 gxf5
33. Nh4 f4 34. Rxf4 Rd1 35. Nf5 Be5 36. Re4 Rd2+ 37. Kh3 f6 38. Rxe5 fxe5 39.
d6 Rf2 40. d7 Rxf5 41. d8=Q+ Kg7 42. Qe7+ Kg6 43. Qxb7 Rf2 44. b4 1-0

[Event "Lansing (MOR/6/5)"]
[Site "?"]
[Date "1997.??.??"]
[Round "?"]
[White "Herron, J."]
[Black "Kane, Paul"]
[Result "1-0"]
[WhiteElo "1740"]
[BlackElo "1635"]
[PlyCount "65"]
[EventDate "1997.??.??"]

{6/(5)} 1. Nf3 d5 2. g3 c5 3. Bg2 Nc6 4. O-O Nf6 5. d3 e6 6. Bg5 Be7 7. Nbd2 h6
8. Bxf6 Bxf6 9. c3 g5 10. e4 g4 11. Ne1 d4 12. cxd4 Nxd4 13. Qxg4 h5 14. Qd1 h4
15. Nef3 hxg3 16. fxg3 e5 17. Nxd4 Qxd4+ 18. Kh1 Ke7 19. Qf3 Qd6 20. Nc4 Qe6
21. Rf2 Bd7 22. Raf1 Rh6 23. Ne3 Rah8 24. Nd5+ Kf8 25. Nxf6 Rxh2+ 26. Kg1 Rh1+
27. Bxh1 Qh3 28. Nxd7+ Ke8 29. Nf6+ Kd8 30. Qg2 Qe6 31. Nd5 Rh7 32. Rf5 Kd7 33.
Nf6+ 1-0

[Event "Kalamazoo (MI Am/4/5)"]
[Site "?"]
[Date "1997.??.??"]
[Round "?"]
[White "Henderson, H."]
[Black "Townsend, Paul"]
[Result "1-0"]
[WhiteElo "1870"]
[BlackElo "1920"]
[PlyCount "55"]
[EventDate "1997.??.??"]

{4/(5)} 1. d4 e6 2. c4 Nf6 3. Nc3 Bb4 4. a3 Bxc3+ 5. bxc3 b6 6. f3 h6 7. e4 d6
8. Bd3 Bb7 9. Ne2 Nbd7 10. O-O e5 11. Qc2 Qe7 12. Ng3 g6 13. f4 Ng4 14. Rf3 Qh4
15. h3 Ngf6 16. fxe5 dxe5 17. Be3 Nh5 18. Nxh5 Qxh5 19. Rf2 Qh4 20. Raf1 O-O
21. Qd2 g5 22. Rf5 Bxe4 23. Bxe4 Qxe4 24. Bxg5 f6 25. Bxh6 Rfe8 26. Rxf6 Nxf6
27. Qg5+ Kf7 28. Qxf6+ 1-0

[Event "Kalamazoo (MI Am/3/12)"]
[Site "?"]
[Date "1997.??.??"]
[Round "?"]
[White "Henderson, H."]
[Black "Stark, Jay"]
[Result "1-0"]
[WhiteElo "1870"]
[BlackElo "1605"]
[PlyCount "77"]
[EventDate "1997.??.??"]

{3/(12)} 1. d4 d5 2. c4 c6 3. Nf3 Bf5 4. Qb3 Qd7 5. Nc3 dxc4 6. Qxc4 Nf6 7. Bf4
e6 8. e3 Be7 9. Be2 h6 10. Ne5 Qd8 11. O-O O-O 12. Rad1 Nbd7 13. f3 Nb6 14. Qb3
Nfd5 15. Nxd5 exd5 16. Ng4 Bg5 17. Bg3 Re8 18. f4 Bh4 19. Ne5 Bxg3 20. hxg3 f6
21. Bg4 Bxg4 22. Nxg4 Qd7 23. Nf2 f5 24. g4 fxg4 25. e4 g3 26. Qxg3 dxe4 27.
Ng4 Kh7 28. f5 Nd5 29. f6 Rf8 30. Ne5 Qc7 31. Qg6+ Kh8 32. fxg7+ Qxg7 33. Qxe4
Nf6 34. Ng6+ Kg8 35. Qe6+ Kh7 36. Nxf8+ Rxf8 37. Rde1 Nd5 38. Qe4+ Kg8 39.
Rxf8+ 1-0

[Event "Tecumseh (RVO/3/6)"]
[Site "?"]
[Date "1997.??.??"]
[Round "?"]
[White "Henderson, H."]
[Black "King, Kenny"]
[Result "0-1"]
[WhiteElo "1840"]
[BlackElo "1645"]
[PlyCount "90"]
[EventDate "1997.??.??"]

{3/(6)} 1. d4 d5 2. c4 c6 3. Nf3 Nf6 4. Nc3 dxc4 5. e4 b5 6. e5 Nd5 7. Ng5 e6
8. a4 Nxc3 9. bxc3 Bb7 10. Qh5 Qd7 11. Be2 h6 12. O-O Na6 13. Rd1 Nc7 14. Bd2
Rg8 15. Ne4 Nd5 16. Qg4 Rh8 17. Qh5 Rg8 18. Bg4 O-O-O 19. axb5 cxb5 20. Rxa7
Nb6 21. d5 Nxd5 22. Be3 Qc7 23. Nd6+ Bxd6 24. Rxd5 Qc6 25. exd6 Qxd5 26. Qh3
Rxd6 27. Bd4 Qg5 28. Be3 Rgd8 29. Ra1 Qf6 30. Bd4 Rxd4 31. cxd4 Rxd4 32. Qe3
Qf4 33. Bxe6+ fxe6 34. Qxe6+ Rd7 35. Rd1 Qf7 36. Qg4 Bd5 37. Qd4 Bf3 38. Qc5+
Rc7 39. Qxb5 Bxd1 40. Qa6+ Kd8 41. Qd6+ Rd7 42. Qb8+ Ke7 43. Qb4+ Ke8 44. Qb8+
Rd8 45. Qb5+ Kf8 0-1

[Event "Tecumseh (RVO/1/9)"]
[Site "?"]
[Date "1997.??.??"]
[Round "?"]
[White "Henderson, H."]
[Black "Hooker, Larry"]
[Result "1-0"]
[WhiteElo "1840"]
[BlackElo "1605"]
[PlyCount "133"]
[EventDate "1997.??.??"]

{1/(9)} 1. d4 d5 2. c4 c6 3. Nf3 Nf6 4. Nc3 g6 5. Bf4 Bg7 6. e3 Bg4 7. cxd5
cxd5 8. Qa4+ Bd7 9. Bb5 a6 10. Bxd7+ Qxd7 11. O-O Qxa4 12. Nxa4 Nfd7 13. Rac1
Nc6 14. Rfd1 O-O 15. a3 Rac8 16. b4 e5 17. dxe5 Ncxe5 18. Nxe5 Nxe5 19. Nc5 b6
20. Nxa6 Rxc1 21. Rxc1 Nd3 22. Rc6 Nxf4 23. exf4 Re8 24. Kf1 d4 25. Rxb6 d3 26.
Rd6 Bc3 27. f3 Re1+ 28. Kf2 d2 29. b5 d1=Q 30. Rxd1 Rxd1 31. Ke2 Rb1 32. a4 Ba5
33. Nc5 Ra1 34. Kd3 Kf8 35. b6 Rb1 36. b7 Ke7 37. Kc4 Kd6 38. Nb3 Rxb3 39. Kxb3
Kc7 40. f5 g5 41. Kc4 Kxb7 42. Kd5 Bc7 43. h3 h5 44. f6 Kb6 45. Ke4 Bg3 46. Kf5
Bh4 47. g3 Bxg3 48. Kxg5 h4 49. Kh6 Ka5 50. Kg7 Kxa4 51. Kxf7 Bd6 52. Kg6 Kb4
53. Kh5 Be5 54. f7 Bg7 55. Kxh4 Kc5 56. Kg5 Kd6 57. Kg6 Bf8 58. h4 Ke6 59. h5
Ke7 60. h6 Bxh6 61. Kxh6 Kxf7 62. Kg5 Kf8 63. Kf6 Ke8 64. f4 Kf8 65. f5 Ke8 66.
Kg7 Kd7 67. f6 1-0

[Event "Kalamazoo (MI Am/1/11)"]
[Site "?"]
[Date "1997.??.??"]
[Round "?"]
[White "Henderson, H."]
[Black "Carpenter, O."]
[Result "1-0"]
[WhiteElo "1870"]
[BlackElo "1605"]
[PlyCount "83"]
[EventDate "1997.??.??"]

{1/(11)} 1. d4 Nc6 2. d5 Ne5 3. f4 Nc4 4. e4 Nf6 5. Bxc4 Nxe4 6. Nf3 d6 7. O-O
Bg4 8. Qe1 Bf5 9. Nc3 Nc5 10. Bb5+ Nd7 11. Nd4 g6 12. Ne4 Bg7 13. Nxf5 gxf5 14.
Ng3 c6 15. Nxf5 Bf6 16. Bd3 c5 17. Nxd6+ Kf8 18. Ne4 Bg7 19. Ng5 Nf6 20. h4 h6
21. Nxf7 Kxf7 22. Qe6+ Kf8 23. Bg6 Qe8 24. Bxe8 Kxe8 25. d6 Ng8 26. f5 Bf6 27.
d7+ Kd8 28. Bf4 Bd4+ 29. Kh1 Nf6 30. Rfe1 Rh7 31. Bxh6 Ng4 32. Qg8+ Kc7 33.
Qxg4 Rxh6 34. Qf4+ Rd6 35. Rxe7 Rd8 36. Re6 R8xd7 37. Rxd6 Rxd6 38. Rd1 Kc6 39.
Qf3+ Kb6 40. c3 Kc7 41. Qf4 Kb6 42. Qxd6+ 1-0

[Event "Kalamazoo (MI Am/2/30)"]
[Site "?"]
[Date "1997.??.??"]
[Round "?"]
[White "Helinski, S."]
[Black "Saenz, Scott"]
[Result "0-1"]
[WhiteElo "1605"]
[BlackElo "1605"]
[PlyCount "52"]
[EventDate "1997.??.??"]

{2/(30)} 1. d4 Nf6 2. Nf3 e6 3. Nc3 Bb4 4. e4 c5 5. Be3 Nxe4 6. Bd3 Nxc3 7.
bxc3 Bxc3+ 8. Qd2 Bxd2+ 9. Bxd2 d5 10. O-O Nc6 11. Rae1 cxd4 12. Bg5 Qa5 13.
Rd1 b6 14. Rfe1 Ba6 15. a3 Bxd3 16. cxd3 Qxa3 17. h3 O-O 18. Re2 f6 19. Rc2 Nb4
20. Rcc1 fxg5 21. Ra1 Qc3 22. Nxg5 Nxd3 23. Nxe6 Rxf2 24. Nc7 Qc2 25. Nxa8
Rxg2+ 26. Kf1 Qe2# 0-1

[Event "Kalamazoo (MI Am/2/28)"]
[Site "?"]
[Date "1997.??.??"]
[Round "?"]
[White "Helinski, B."]
[Black "Silveri, Marco"]
[Result "1/2-1/2"]
[WhiteElo "1605"]
[BlackElo "1605"]
[PlyCount "141"]
[EventDate "1997.??.??"]

{2/(28)} 1. e4 c5 2. Nf3 e6 3. d4 cxd4 4. Nxd4 Ne7 5. Nc3 a6 6. Be3 Nbc6 7. Nb3
Ne5 8. f4 N5c6 9. Be2 g6 10. O-O Bg7 11. Nd4 Qb6 12. e5 Qc7 13. Ne4 Nd5 14.
Nd6+ Ke7 15. Nxc6+ Qxc6 16. Bd4 b5 17. a3 Bb7 18. Rc1 Ne3 19. Bf3 Nxd1 20. Bxc6
Bxc6 21. Rcxd1 Kf8 22. Bc5 Kg8 23. c4 f6 24. Rfe1 fxe5 25. fxe5 Bh6 26. Rf1 Bf8
27. b4 Bxd6 28. Bxd6 bxc4 29. Rd2 Kg7 30. Rc1 Bd5 31. Rc3 Ra7 32. Rb2 Rb7 33.
a4 Ra8 34. b5 axb5 35. axb5 Ra5 36. b6 Ra6 37. Bc7 Ra8 38. Kf2 Rf8+ 39. Ke3 Rf5
40. g3 Rf8 41. Kd4 Rf1 42. Ra2 Rd1+ 43. Kc5 Re1 44. Ra7 Rxa7 45. bxa7 Ra1 46.
Bb6 Re1 47. Kd6 Rb1 48. Kc7 Kf7 49. Ra3 Rb3 50. a8=Q Bxa8 51. Rxa8 c3 52. Ra2
Rb2 53. Ra1 Rxh2 54. Rc1 c2 55. Kxd7 Rd2+ 56. Kc6 Rg2 57. Kb5 g5 58. Kb4 h5 59.
Rf1+ Kg6 60. Bf2 Kf5 61. Kc3 Kxe5 62. Kxc2 Kf5 63. Kd3 Kg4 64. Ke3 Rh2 65. Rd1
e5 66. Rd5 Kf5 67. Rc5 Rh1 68. Ke2 Ra1 69. Rc6 Kg4 70. Rd6 Ra2+ 71. Kf1 1/2-1/2

[Event "Kalamazoo (MI Am/5/26)"]
[Site "?"]
[Date "1997.??.??"]
[Round "?"]
[White "Helinski, B."]
[Black "Draper, M."]
[Result "0-1"]
[WhiteElo "1605"]
[BlackElo "1605"]
[PlyCount "38"]
[EventDate "1997.??.??"]

{5/(26)} 1. Nf3 Nf6 2. d4 d5 3. b3 e6 4. g3 c5 5. Bb2 Nc6 6. e3 Bd7 7. Nbd2 Rc8
8. c4 Be7 9. Bg2 O-O 10. O-O cxd4 11. Nxd4 e5 12. Nxc6 bxc6 13. Bxe5 Be6 14.
Qe2 Bd6 15. Bd4 Qd7 16. Bxf6 gxf6 17. Qf3 Be5 18. Rac1 Bg4 19. Bh3 Bxh3 0-1